| 000 | 00911cam a2200241 a 4500 | ||
|---|---|---|---|
| 001 | 000007477 | ||
| 005 | 20200929154202.0 | ||
| 008 | 041222s2003 ir a b 001 0 eng | ||
| 020 | _a9649449132 | ||
| 040 |
_aDO-SdBNP _bspa _cBNPHU |
||
| 082 |
_a910.955 _bK62b |
||
| 100 | 1 |
_aKiyâni Haftlang, Kiyânoosh. _920774 |
|
| 245 | 1 | 4 |
_aThe book of Iran : _ba survey of the geography of Iran / _cKiyânoosh Kiyâni Haftlang ; traducción Azitâ Rajabi. |
| 260 |
_aTehran : _bCenter for International Cultural Studies, _c2003. |
||
| 300 |
_avi, 107 p. : _bil. ; _c23 cm. |
||
| 504 | _aIncluye referencias bibliográficas y notas al pie de las páginas. | ||
| 651 | 4 |
_aIrán _xGeografía _920775 |
|
| 650 | 4 |
_aRelieve terrestre _zIrán _920776 |
|
| 650 | 4 |
_aMinas _zIrán _920777 |
|
| 650 | 4 |
_aTurismo _zIrán _920778 |
|
| 650 | 4 |
_aCiudades y pueblos _xHistoria _zIrán _920779 |
|
| 700 | 1 |
_aRajabi, Azitâ, _d1968- _etr. _920780 |
|
| 999 |
_c7258 _d7258 |
||